Statistics for Doha Metro Quiz

Click here to take the quiz!

General Stats

  • This quiz has been taken 2 times
  • The average score is 6 of 40

Answer Stats

HintAnswer% Correct
Red LineAl Wakra
100%
Red LineLusail QNB
100%
Green LineAl Bidda
50%
Red LineAl Bidda
50%
Green LineAl Rayyan Al Qadeem
50%
Gold LineAl Waab QLM
50%
Green LineEducation City
50%
Red LineHamad International Airport Terminal 1
50%
Green LineHamad Medical City
50%
Red LineQatar University
50%
Gold LineAl Aziziya
0%
Red LineAl Doha Al Jadeda
0%
Green LineAl Mansoura
0%
Green LineAl Messila
0%
Red LineAl Qassar
0%
Green LineAl Riffa
0%
Gold LineAl Sadd
0%
Green LineAl Shaqab
0%
Gold LineAl Souq
0%
Gold LineAl Sudan
0%
Red LineAl Watar Al Qadeem
0%
Gold LineBin Mahmoud
0%
Red LineCorniche
0%
Red LineDECC
0%
Red LineFree zone
0%
Gold LineJoaan
0%
Red LineKatara Cultural Village
0%
Red LineLeqtaifiya
0%
Red LineMsheireb
0%
Green LineMsheireb
0%
Gold LineMsheireb
0%
Gold LineNational Museum of Qatar
0%
Red LineOqba Ibn Nafie
0%
Green LineQatar National Library
0%
Gold LineRas Bu Abboud
0%
Red LineRas Bu Fontas
0%
Gold LineSports City
0%
Green LineThe White Palace
0%
Red LineUmm Ghuwailina
0%
Red LineWest Bay Qatar Energy
0%

Score Distribution

Percentile by Number Answered

Percent of People with Each Score

Your Score History

You have not taken this quiz